| 000 | 01014cam a2200265 a 4500 | ||
|---|---|---|---|
| 001 | 157 | ||
| 003 | BR-CuiBMT | ||
| 005 | 20231123235013.0 | ||
| 008 | 230822s2018 mgb 000 0 por d | ||
| 020 | _a9788545004721 | ||
| 040 |
_aBR-CuiBMT _cBR-CuiBMT |
||
| 080 |
_22007 _a351.9 |
||
| 090 |
_a351.9 _bC764 |
||
| 245 | 0 | 0 |
_aControle da administração pública direta e indireta e das concessões : _bautocontrole, controle parlamentar, com o auxílio do tribunal de contas, controle pelo judiciário e controle social / _cEdimur Ferreira de Faria, coordenador. |
| 260 |
_aBelo Horizonte : _bFórum, _c2018. |
||
| 300 |
_a392 p. ; _c22 cm |
||
| 504 | _aInclui bibliografia. | ||
| 650 |
_aControle administrativo _zBrasil |
||
| 650 |
_aAdministração pública _xControle _zBrasil |
||
| 650 |
_aConcessão de serviços públicos _zBrasil |
||
| 650 |
_aTribunal de contas _xDecisão judicial _zBrasil |
||
| 650 |
_a Controle jurisdicional _zBrasil |
||
| 700 | 1 |
_aFaria, Edimur Ferreira de _4coord. |
|
| 942 |
_2udc _cLV |
||
| 999 |
_c157 _d157 |
||